| 000 | 00613nam a22002177a 4500 | ||
|---|---|---|---|
| 003 | OSt | ||
| 005 | 20170329140906.0 | ||
| 008 | 170329b xxu||||| |||| 00| 0 eng d | ||
| 020 | _a0471585890 | ||
| 040 | _cDMLN | ||
| 082 | _a547 SMI 2001 | ||
| 100 |
_aSmith, Michael B.; March, Jerry _912008 |
||
| 245 | _aMarch's Advanced Organic Chemistry: reactions, mechanics, and structure | ||
| 250 | _a5th ed. | ||
| 260 | _aCanada; John Wiley, 2001 | ||
| 300 | _axviii,2083p ill: 30cm | ||
| 504 | _aIndices included | ||
| 650 |
_aOrganic chemistry _9814 |
||
| 650 |
_aMedicinal chemistry _93953 |
||
| 942 |
_2z _cSLOAN |
||
| 999 |
_c5780 _d5780 |
||